01269nam a2200385 i 450000100060000000300090000600500170001500800390003204000360007104100280010704600090013508000110014408000100015508000130016508000070017824501230018525000120030826000330032030000330035333600270038633700540041333800280046738000160049538800140051138800140052550400220053965000390056165000180060065000140061865800310063270000360066371000290069970000570072885600980078527106KOSZ 00520200427120818.0950505s1973 pl f 000 0 pol cKOSZ 005aKOSZ 005dKOSZ 005/HR apolbengbfrebgerbrus k1963 a338.48 a728.5 a685.6/.7 a69 0aUrządzenia turystyczne :bpraca zbiorowa /cpod red. Jerzego Mokrzyńskiego ; [aut.Stanisław Bialikiewicz et al.]. aWyd. 2. aWarszawa :b"Arkady",c1973. a338, [2] s. :bil. ;c30 cm. 2rdacontentaTekstbtxt 2rdamediaaBez urządzenia pośredniczącegobn 2rdacarrieraWoluminbnc aKsiążki a1901-2000 a1945-1989 aBibliogr. s. 329. aObiekty i urządzenia turystyczne aProjektowanie aTurystyka aArchitektura i budownictwo1 aBialikiewicz, StanisławeAutor2 aWydawnictwo Arkady4pbl.1 aMokrzyński, Jerzy Bogusławd(1909-1997)eRedakcja uhttp://koha.tu.koszalin.pl/cgi-bin/koha/opac-detail.pl?biblionumber=27106yKatalog online BPK